|
|
|
|
| LEADER |
00657nam a2200169 a 4500 |
| 001 |
000636448 |
| 003 |
CZ BrMZK |
| 005 |
20050216103534.0 |
| 008 |
021115s1941 xr f cze d |
| 040 |
|
|
|a BOA001
|b cze
|c BOA001
|
| 100 |
1 |
|
|a Havránek, Jan,
|c kartograf
|4 com
|
| 245 |
1 |
0 |
|a Abecední seznam ulic, náměstí a sadů hlavního města Prahy :
|b s odvoláním, kde se dotyčná část ve Fastrově plánu Velké Prahy nalézá /
|c sestavil Jan Havránek
|
| 260 |
|
|
|a V Praze :
|b Eduard Fastr,
|c 1941
|
| 300 |
|
|
|a 19 s.
|
| 910 |
|
|
|a BOA001
|b X-0173.049
|
| 990 |
|
|
|a BK
|
| 996 |
6 |
|
|b 2618714140
|c X-0173.049
|l MZK
|r Sklad / do 24 hodin
|n 0
|w 000636448
|u 000010
|a 1
|e BOA001
|j MZK50
|s P
|